| 000 | 00562nam a22001937a 4500 | ||
|---|---|---|---|
| 003 | KOHA_MİRAKIL | ||
| 005 | 20251116131127.0 | ||
| 008 | 251116b tu ||||| |||| 00| 0 tur d | ||
| 020 | _a9786257030472 | ||
| 040 |
_aTR-AnABB _btur _cTR-AnABB |
||
| 041 | _atur | ||
| 082 |
_a102 _bLAC 2021 |
||
| 100 | 1 | _aLactantius | |
| 245 | 1 | 0 |
_aZalimlerin ölümleri üzerine / _cLucius Caecilius Firmianus Lactantiius |
| 260 |
_aAnkara : _bDoğu Batı Yayınları, _c2021 |
||
| 300 |
_a148 sayfa ; _c21 cm |
||
| 650 | 0 | 4 | _aRoma İmparatorluğu |
| 942 |
_2ddc _cBK |
||
| 999 |
_c9418 _d9418 |
||
| 900 | _bGizem YORULMAZ | ||